000 01038cam a2200253 i 4500
003 SA-RiAUC
005 20251005131717.0
008 251002s1976 ii g 00000 ara c
040 _aSA-RiAUC
_bara
_cSA-RiAUC
_erda
082 0 4 _a216
090 _a216
_bع ظ ي
100 1 _aالعظيم آبادي، محمد شمس الحق،
_dتوفي 1329 هجري
_eمؤلف.
245 1 0 _aرفع الالتباس عن بعض الناس /
_cمحمد شمس الحق العظيم آبادي.
250 _aالطبعة الثالثة.
264 1 _aبنارس، الهند :
_bدار الترجمة والتأليف والنشر، الجامعة السلفية،
_c1976
300 _a169 صفحة ؛
_c22 سم.
336 _aنص
_btxt
_2rdacontent
_3كتاب
337 _aبدون وسيط
_bn
_2rdamedia
338 _aمجلد
_bnc
_2rdacarrier
490 0 _aمطبوعات الجامعة السلفية ؛
_v8
650 7 _aالإسلام
_xدفع مطاعن
_2aucsh
942 _2ddc
_cBOOK
_n0
949 _aSA-JeALM
_d251002
_umohamedma123
_n1
999 _c12405
_d12405